Mess it up - Gracie Abrams - Statistics

General Stats
  • This quiz has been taken 416 times
  • The average score is 245 of 291
Answer Stats
Hint Answer % Correct
I
99%
it
99%
to
99%
up
98%
me
97%
you
97%
go
95%
mess
95%
a
94%
every
94%
just
93%
too
93%
could
92%
think
92%
we
92%
in
91%
of
91%
when
91%
close
90%
Chorus Did
90%
get
90%
out
90%
be
89%
let
89%
all
88%
fall
88%
im
88%
line
88%
if
87%
that
87%
was
87%
back
86%
called
86%
enough
86%
gave
86%
how
86%
lied
86%
told
86%
were
86%
cause
85%
my
85%
fine
84%
happen
84%
everytime
82%
make
82%
maybe
82%
thinking
82%
myself
81%
keep
80%
habit
79%
watch
79%
better
78%
breaking
78%
together
78%
doors
77%
double
77%
can
75%
your
75%
pull
73%
on
71%
sure
69%
pretty
68%
grow
65%
block
64%
probably
64%
would
64%
two
62%
Verse 1 Opened
61%
stop
61%
chemical
60%
youre
60%
anywhere
59%
Verse 2 Funny
59%
not
59%
took
59%
didn't
57%
doesn't
57%
feel
57%
typical
57%
work
57%
off
55%
doing
54%
much
54%
knowing
53%
well
53%
turn
52%
happier
51%
thought
51%
sleeping
50%
terrible
50%
bearable
49%
kicking
49%
with
48%
gut
47%
heard
47%
hope
47%
left
47%
walking
47%
guess
46%
knot
43%
cynical
40%
No matching quizzes found
Score Distribution
Percent of People with Each Score
Percentile by Number Answered
Your Score History
You have not taken this quiz